00635 2200169 4500001002100000005001500021035002000036007000300056008003900059082002300098100001700121245014500138260003300283300002000316650010100336856002800437INLIS00000000000613120240131103738 a0010-0124000209ta240131 | | |  a616.9 072 598 15 40 aYUSRI FAUZAN1 aHUBUNGAN PEKERJAAN DAN POLA HIDUP DENGAN KEJADIAN PENYAKIT MALARIA WILAYAH KERJA PUSKESMAS JAMBI KECIL KABUPATEN MUARO JAMBI /cYUSRI FAUZAN aJambi :bSTIKES PRIMA,c2013 axv,50.p ;c30cm 4aHUBUNGAN PEKERJAAN DAN POLA HIDUP DENGAN KEJADIAN PENYAKIT MALARIA WILAYAH KERJA PUSKESMAS JAMBI aS1 Kesehatan Masyarakat